header

Flowing through time (Record no. 105849)

MARC details
000 -LEADER
fixed length control field 01515nam a2200361Ia 4500
082 04 - DEWEY DECIMAL CLASSIFICATION NUMBER
Classification number 975.8
100 1# - MAIN ENTRY--AUTHOR NAME
Personal name Willoughby, Lynn,
245 10 - TITLE STATEMENT
Title Flowing through time
260 ## - PUBLICATION, DISTRIBUTION, ETC. (IMPRINT)
Place of publication Tuscaloosa :
Name of publisher University of Alabama Press,
Year of publication c1999.
300 ## - PHYSICAL DESCRIPTION
Number of Pages xii, 234 p. :
Other physical details ill., maps.
490 0# - SERIES STATEMENT
Series statement Chattahoochee Valley legacy series
500 ## - GENERAL NOTE
General note "Published in cooperation with the Historic Chattahoochee Commission and The Columbus Museum."
650 #0 - SUBJECT ADDED ENTRY--TOPICAL TERM
Topical Term Rivers
856 40 - ELECTRONIC LOCATION AND ACCESS
Uniform Resource Identifier http://site.ebrary.com/lib/rucke/Doc?id=10591005

No items available.

© 2026 Rongo University
Contact us: librarian | system librarian | Rongo university